Estados do Brasil - Siglas em 30 Segundos - Statistics

Estatísticas Gerais
  • Esse quiz foi jogado 1 467 vezes
  • A pontuação média é 16 de 27
Respostas no mapa
Respostas codificadas por cores de uma escala verde-vermelha no mapa do quiz de acordo com a % correta abaixo.
 
Estatísticas das Respostas
Estado % Correto
AM
86%
SP
81%
RJ
78%
PA
75%
RS
74%
AC
73%
PR
69%
MT
68%
RO
66%
MG
65%
BA
62%
MS
62%
SC
62%
RR
61%
GO
58%
RN
56%
MA
53%
AP
52%
ES
52%
TO
52%
DF
50%
PE
45%
PI
45%
AL
42%
CE
41%
SE
37%
PB
34%
Nenhum quiz correspondente encontrado
Distribuição das Pontuações
Porcentagem de Pessoas com Cada Pontuação
Percentil de Números Respondidos
Sua Pontuação Histórica
Você não jogou esse quiz